Normal view
MARC view
- Saleem ,NC Bint Ayesha (TCC-13)
Entry Personal Name
001 - CONTROL NUMBER
- control field: 131331
003 - CONTROL NUMBER IDENTIFIER
- control field: NUST
005 - DATE AND TIME OF LATEST TRANSACTION
- control field: 20251021131110.0
008 - FIXED-LENGTH DATA ELEMENTS
- fixed length control field: 251021|| aca||aabn | a|a d
040 ## - CATALOGING SOURCE
- Original cataloging agency: NUST
- Transcribing agency: NUST
100 ## - HEADING--PERSONAL NAME
- Personal name: Saleem ,NC Bint Ayesha (TCC-13)
670 ## - SOURCE DATA FOUND
- Source citation: Work cat.: (NUST)183122: Saleem ,NC Bint Ayesha (TCC-13), Design and implementation of soft PABX using VOIP /, 2005
